| 000 | 01244cam a2200325 4500 | ||
|---|---|---|---|
| 008 | 090401t1994 xxu||||| |||| 00| 0 eng d | ||
| 020 | _a0904237168 | ||
| 035 | _a(Sirsi) u75635 | ||
| 041 | _aeng | ||
| 050 |
_a658.2 _c18 |
||
| 110 |
_aBernard Williams Associates _93335 |
||
| 245 | _aFacilities economics: incorporating Premises Audits. | ||
| 260 |
_aShortlands _bBuilding Economics Bureau _c1994 |
||
| 300 |
_aca.300p. _bill. _c30cm. |
||
| 350 | _a69.5 | ||
| 520 | _aConsiders all aspects of facilities management from the general management of commercial property to details of premises operating costs, fitting out, alterations, business support services, relocation and taxation. Concludes with a section on premises audits and benchmarking. | ||
| 520 | _aSuperseded by revised edition (J84569), which has the same ISBN (0904237168). | ||
| 650 | _aPROPERTY-COMMERCIAL PROPERTY | ||
| 650 | _aCOSTING | ||
| 650 | _aFACILITIES AUDIT | ||
| 650 |
_aFACILITIES MANAGEMENT _96240 |
||
| 650 | _aPROPERTY DEVELOPMENT | ||
| 650 |
_aProperty management _96262 |
||
| 650 | _aRELOCATION | ||
| 650 | _aSPACE MANAGEMENT | ||
| 650 | _aTAXATION | ||
| 690 | _aOFFICE SERVICES AND ADMINISTRATION | ||
| 942 | _n0 | ||
| 948 | _c04/03/1997 | ||
| 999 |
_c96059 _d96059 |
||